| 000 | 00826nam a22002177a 4500 | ||
|---|---|---|---|
| 005 | 20240401170140.0 | ||
| 010 | _aHIN-127181 | ||
| 020 |
_a9789355434227 _c350.00 |
||
| 035 | _aHN-99527 | ||
| 037 | _bDBAD/PUB. | ||
| 082 | _aक | ||
| 100 |
_aमटिल्डा _964114 |
||
| 245 |
_aरोल्ड डाल/ _cमटिल्डा;मृणालिनी पाण्डेय द्वारा अनुवादित |
||
| 250 | _a1 | ||
| 260 |
_aBhopal _bManjul publishing house _c2023 |
||
| 270 |
_a2nd floor usha preet complex 42 malviya nagar _bBhopal _e462003 |
||
| 300 |
_a246 पृ; _c20 सेमी (अजिल्द) |
||
| 700 | _963915 | ||
| 710 |
_964107 _aमृणालिनी पाण्डेय [अनुवादक] |
||
| 942 |
_adpl _cHN _2ddc _hक _mमटिल्डा |
||
| 999 |
_c201862 _d201862 |
||